| 000 | 00759nam a2200193 i 4500 | ||
|---|---|---|---|
| 001 | 158260 | ||
| 003 | ES-MaACL | ||
| 005 | 20250902115455.0 | ||
| 008 | 961105s1892 sp |||| | spa d | ||
| 040 |
_aCLM _bspa _cCLM |
||
| 100 | 1 |
_aLustonó, Eduardo de. _974865 |
|
| 245 | 1 | 3 |
_aLa fe _b: narración del siglo XV premiada en el primer certamen literario celebrado por la Sociedad Colombina Onubense / _cEduardo de Lustonó. |
| 260 |
_aMadrid : _b[s.n.], _c1892 ( _fRomero, impresor) |
||
| 300 |
_a23 p. ; _c18 cm. |
||
| 597 | _aAntep. | ||
| 710 | 2 |
_aSociedad Colombina Onubense _96654 |
|
| 852 |
_aES-MaACL _jT-947-F-6 _z-- Enc. hol. conservando la cub. original _z-- Donativo del M. de Fomento _z-- Enc. en un vol. facticio |
||
| 999 |
_c158260 _d158260 |
||